000 00745nam a2200241Ia 4500
003 OSt
005 20220924124330.0
006 a|||||r|||| 00| 0
007 ta
008 220923b |||||||| |||| 00| 0 kan d
024 _a219934
037 _cTextual
040 _aARTS
_cARTS
_bkan
041 _2kan
_akan
082 _aO33,2N38:g, 111P4
100 _aTripathi Vanashree
_9195480
245 0 _aThree plays of Girish Karnad : a study in poetics and culture, hayavadana, tale-danda, the fire and the rain
260 _aNew Delhi
_b Prestige Books
_c2004
300 _a158p.
_ccm.
650 _aKANNAD LITERATURE
942 _hO33,2N38:g, 111P4
_cTEXL
_2CC
999 _c419282
_d419282